000 01427cab a2200277 4500
001 ABS51777
008 090401t1994 xxu||||| |||| 00| 0 eng d
035 _a(Sirsi) u43676
041 _aeng
245 _aEsso Petroleum Co Ltd v Fumegrange Ltd and others
260 _c1994
350 _a0
490 _aEstates Gazette
_v(1994) 46 EG 199-202(4)
520 _aCA 5 July 1994. In 1991 F entered into 3 agreements with F for the occupation of two service stations: (1) A partnership licence agreement for 3 years giving permission to F to use E`s land, fixtures and fittings and containing obligations by F for the control and management of the service stations by E. (2) A shop franchise agreement requiring F to operate an Esso shop in accordance with the provisions of a manual. (3) A car wash agreement containing provisions for the operation of the car wash. F failed to make payments to E and the agreements were terminated in September 1993. F appealed the order giving possession of the service stations to E under RSC Ord 113. Appeal dismissed.
650 _aESSO PETROLEUM CO LTD V FUMEGRANGE LTD AND OTHERS
650 _aFRANCHISE AGREEMENTS
650 _aGARAGES
650 _aLICENCES
650 _aPARTNERSHIP LICENCE AGREEMENTS
650 _aPOSSESSION
650 _aRSC ORD 113
650 _aSERVICE STATIONS
690 _aLANDLORD AND TENANT-CASE LAW
942 _n0
948 _c04/03/1997
999 _c27830
_d27830